[Event "Chioggia op-B 15th"]
[Site "Chioggia"]
[Date "2022.10.02"]
[Round "5"]
[White "Scarpa, Alessandra"]
[Black "Buqa, Brajan"]
[Result "1/2-1/2"]
[WhiteElo "1769"]
[BlackElo "1353"]
[PlyCount "48"]
[EventDate "2022.09.30"]
[EventType "swiss"]
[EventRounds "5"]
[EventCountry "ITA"]
[SourceTitle "EXT 2024"]
[Source "ChessBase"]
[SourceDate "2023.10.10"]
[SourceVersion "1"]
[SourceVersionDate "2023.10.10"]
[SourceQuality "1"]

1. d4 d5 2. Nf3 Nf6 3. Bf4 c5 4. c3 Nc6 5. e3 Bg4 6. Nbd2 cxd4 7. exd4 e6 8. Bd3 Bd6 9. Bg3 0-0 10. Qc2 Rc8 11. a3 Qc7 12. Rc1 a6 13. Bh4 h6 14. Bxf6 gxf6 15. h3 Bxf3 16. Nxf3 e5 17. Bh7+ Kg7 18. Nh4 e4 19. Bf5 Nxd4 20. Qd1 Nxf5 21. Nxf5+ Kh7 22. Qxd5 Bf4 23. Rd1 Rcd8 24. Qb3 Rxd1+ 1/2-1/2

[Event "Chioggia op-B 15th"]
[Site "Chioggia"]
[Date "2022.10.01"]
[Round "2"]
[White "Buqa, Brajan"]
[Black "Leardini, Mirko"]
[Result "1-0"]
[WhiteElo "1353"]
[BlackElo "1722"]
[PlyCount "83"]
[EventDate "2022.09.30"]
[EventType "swiss"]
[EventRounds "5"]
[EventCountry "ITA"]
[SourceTitle "EXT 2024"]
[Source "ChessBase"]
[SourceDate "2023.10.10"]
[SourceVersion "1"]
[SourceVersionDate "2023.10.10"]
[SourceQuality "1"]

1. c4 e5 2. Nf3 e4 3. Nd4 c5 4. Nb3 Nc6 5. d3 exd3 6. Qxd3 Nf6 7. Nc3 Ne5 8. Qe3 Qe7 9. Nd2 Nfg4 10. Qg3 d6 11. Nd5 Qd8 12. e4 Be7 13. Nxe7 Qxe7 14. Be2 0-0 15. f4 Nxc4 16. Bxc4 Nf6 17. e5 d5 18. Bd3 c4 19. Bc2 b5 20. 0-0 Qc5+ 21. Kh1 Ng4 22. Nf3 c3 23. b3 Rd8 24. f5 Ne3 25. Bxe3 Qxe3 26. Rfe1 Qh6 27. Nd4 a6 28. Qxc3 Bb7 29. Qg3 Rac8 30. f6 g6 31. Nf5 Qd2 32. Ne7+ Kf8 33. Nxc8 Rxc8 34. Bd3 d4 35. Rad1 Qxa2 36. Be4 Bxe4 37. Rxe4 Kg8 38. Rexd4 h6 39. e6 fxe6 40. Qxg6+ Kf8 41. Qg7+ Ke8 42. Qe7# 1-0